Statistics for Presidents that Beat Abraham Lincoln

Click here to take the quiz!

General Stats

  • This quiz has been taken 224 times
    (162 since last reset)
  • The average score is 12 of 20

Answer Stats

RankCategoryPresidents% Correct
4Last assassinatedMcKinley | Garfield | Kennedy
97%
2Last (time) on the Mount RushmoreT. Roosevelt
81%
5Youngest Republican electedT. Roosevelt | Grant | Garfield | Arthur
78%
3Top rated (Siena 2018)F. D. Roosevelt | Washington
75%
3Highest value of banknote pictured onGrant | Jackson
69%
2Most US streets named afterWashington
69%
4Born earliest in the XIX centuryFillmore | Pierce | A. Johnson
66%
5First who didn't own slavesJ. Adams | J. Q. Adams | Fillmore | Pierce | (Buchanan)
65%
4Shortest lifespanKennedy | Garfield | Polk
65%
3First with facial hairJ. Q. Adams | Van Buren
60%
3Most progressive Republican*Grant | T. Roosevelt
57%
2First with a first name starting with "A"Jackson
57%
6Longest first nameHayes | B. Harrison | T. Roosevelt | Pierce | F. D. Roosevelt
56%
2Most guessed at the Play-Doh Presidents quizObama
56%
3First sat on his official portraitJ. Q. Adams | Tyler
55%
3Last with his political base in the IllinoisObama | Grant
50%
7Lowest BMIMadison | Jackson | Tyler | Pierce | W. H. Harrison | Coolidge
44%
2First to show all his body on his official portraitWashington
39%
2Least formal educationA. Johnson
21%
2Elected with the most turnoutHayes
20%

Score Distribution

Percentile by Number Answered

Percent of People with Each Score

Your Score History

You have not taken this quiz since the last reset